000 00756cam a2200229 a 4500
001 3070515
005 20180306070406.0
008 970522s1997 nyua b 001 0 eng
010 _a 97017607
020 _a0887307930
040 _aDLC
_cDLC
_dDLC
041 _aeng
080 _a658.4092 noe
082 0 0 _a658.4092 noe
_221
100 1 _a60
101 _aled
245 1 4 _aThe leadership engine :
_cNoel Tichy with Eli Cohen.
504 _aIncludes bibliographical references (p. [340]-360) and index.
906 _a7
_bcbc
_corignew
_d1
_eocip
_f19
_gy-gencatlg
942 _2ddc
_cBK
999 _c44168
_d44168